000 004540000a22001690004500
020 _a0-8010-2674-1
041 0 _aENG
082 0 4 _aE 227.92 J627
100 1 _aJobes, Karen H.
245 1 0 _a1 Peter / Karen H. Jobes
260 _aGrand Rapids : Baker Publishing Group, 2005
300 _a364 p.
440 0 _aBaker exegetical commentaryu on the new testament
505 0 0 _aExplicación y bosquejo de primera de Pedro
001 17406
942 _cBK
999 _c44068
_d44068